000 00237nam a2200097Ia 4500
008 170619s9999 xx 000 0 und d
100 _aDubey- Gopal K
245 0 _aFundamental of Electrical Drive
260 _bNarora Pub. House
260 _c1995
546 _aENGLISH
999 _c16855
_d16855